Biblioteca

Between faith and criticism : (Registro nro. 63855)

Detalles MARC
000 -LÍDER
Campo fijo de descripción fija 01503aam a2200421 c 4500
001 - NÚMERO DE CONTROL
Campo de control 768714001
003 - IDENTIFICADOR DEL NÚMERO DE CONTROL
Campo de control CO-MdFUSB
005 - FECHA Y HORA DE LA ULTIMA TRANSACCIÓN
control field 20180622072746.0
008 - ELEMENTOS DE LONGITUD FIJA -- INFORMACIÓN GENERAL
Campo fijo de descripción fija -- Información general 910306t1991 miu b 001 0 eng
010 ## - NÚMERO DE CONTROL DE LA BIBLIOTECA DEL CONGRESO
Número de control LC 91011037
020 ## - NÚMERO INTERNACIONAL NORMALIZADO PARA LIBROS
Número Internacional Normalizado del libro 0801067855
040 ## - FUENTE DE CATALOGACIÓN
Agencia de catalogación original DLC
Agencia que realiza la transcripción CO-MdFUSB
Idioma de catalogación spa
Agencia que realiza la modificación CO-MdFUSBC
Convenciones de la descripción rda
041 ## - CÓDIGO DE IDIOMA
Código de idioma para texto/pista de sonido o título separado eng
043 ## - GEOGRAPHIC AREA CODE
Geographic area code n-us---
049 ## - LOCAL HOLDINGS (OCLC)
Holding library PTSS
082 00 - NÚMERO DE CLASIFICACIÓN DECIMAL DEWEY
Número de clasificación 220.609
Número de la edición del Dewey 23
Clave de autor-Numero de item N793b
100 1# - ASIENTO PRINCIPAL--NOMBRE PERSONAL
Nombre personal Noll, Mark A.,
Fechas asociadas con el nombre 1946-
Término relacionador autor
245 10 - TÍTULO
Título del Material Between faith and criticism :
Parte restante del título - Subtitulo evengelicals, scholarship, and the Bible in America
Mención de responsabilidad, etc. / Mark A. Noll.
250 ## - MENCIÓN DE EDICIÓN
Mención de edición Segunda edición
264 #1 - PRODUCCIÓN, PUBLICACIÓN, DISTRIBUCIÓN, MANUFACTURA, Y COPYRIGHT
Lugar de producción, publicación, distribución, manufactura Vancouver, British Columbia :
Nombre del productor, publicador, distribuidor Regent College Publishing,
Fecha de producción, publicación, distribución, manufactura, o copyright 2004
264 #1 - PRODUCCIÓN, PUBLICACIÓN, DISTRIBUCIÓN, MANUFACTURA, Y COPYRIGHT
Fecha de producción, publicación, distribución, manufactura, o copyright ©1991
300 ## - DESCRIPCIÓN FÍSICA
Extensión xii, 271 p. ;
Dimensiones 22 cm.
Otros detalles físicos :
336 ## - TIPO DE CONTENIDO
Fuente rdacontent
Término de tipo de contenido
Código de tipo de contenido
337 ## - TIPO DE MEDIO
Fuente rdamedia
Nombre del tipo de medio
Código del tipo de medio
338 ## - TIPO DE SOPORTE
Fuente rdacarrier
Nombre del tipo de soporte
Código Tipo de soporte
504 ## - NOTA DE BIBLIOGRAFÍA, ETC.
Nota de bibliografía, etc Incluye referencias bibliográficas (páginas [255]-263) e índices.
505 ## - NOTA DE CONTENIDO
Nota de contenido con formato preestablecido Respuesta al criticismo -- Declinación. 1900-1935 -- Una alternativa: Gran Bretaña, 1860-1937 -- Retorno: 1935-1974 -- Logros recientes
563 ## - NOTA DE ENCUADERNACIÓN
Nota de encuadernación rústico
630 00 - TITULO UNIFORME
Título uniforme Bible
Subdivisión de materia general Criticism, interpretation, etc.
Subdivisión geográfica United States
Subdivisión de materia general History
Subdivisión cronológica 19th century.
630 #7 - TITULO UNIFORME
Título uniforme Biblia
Subdivisión de materia general Crítica, interpretación, etc.
Subdivisión geográfica Estados Unidos
Subdivisión cronológica Siglo XX
653 ## - TÉRMINO DE INDIZACIÓN - NO CONTROLADO
Término no controlado Evangelicalismo
830 #0 - PUNTO DE ACCESO ADICIONAL DE SERIE - TÍTULO UNIFORME
Título uniforme Confessional perspectives series.
942 ## - TIPO DE MATERIAL (KOHA)
Tipo de Item KOHA Libros General
Existencias
Estado de Material Estado de Perdido Forma de Clasificación Estado de Dañado No para Préstamo Colección Biblioteca de Origen Biblioteca Permanente Fecha de Adquisición Total de Préstamos Signatura Topográfica Código de Barras Última vez visto Última vez Préstado Ejemplar/Existencia Fecha de Remplazo Tipo de Material
    Dewey Decimal Classification     Colección General Biblioteca FUSBC Biblioteca FUSBC 28/04/2017 2 G 220.609 N793b 10895 26/01/2024 12/08/2022 Ej. 1 28/04/2017 Libros General

Biblioteca FUSBC | Teléfono: (57+4) 349 88 10 Ext. 141| WhatsApp (+57) 3005338115 
E-mail: biblioteca@unisbc.edu.co | Calle 76 87-14 Robledo Palenque, Medellín, Colombia

Con tecnología Koha